=LDR 00000nam 2200000 4500 =001 NUTBA000000000006301 =005 20141201134927.0 =006 =007 =008 =035 ##$$a 0010-121400000000025 =040 ##$$a NBPDMAT =082 ##$$a 618.2 =090 ##$$a 618.2$bIra t =100 ##$$a Ira Puspitarini =245 ##$$a Top 10 Tipe super cepat hamil$Ira Puspitarini dan Sandra Lusita =260 ##$$a Yogyakarta$bPelangi Indonesia$c2011 =300 ##$$a vii, 104 hlm$bilus$c15x15 =650 ##$$a Hamil =700 ##$$a Sandra Lusita =850 ##$$a NBPDMAT